000 00719nam a2200241Ia 4500
003 OSt
005 20220918165244.0
006 a|||||r|||| 00| 0
007 ta
008 220917b |||||||| |||| 00| 0 eng d
020 _a1856043371 (hbk)
024 _a88,608
037 _cTextual
040 _aARTS
_cARTS
_beng
041 _2eng
_aeng
082 _a2:(D65,8(B):71), N9(2D)
245 0 _aBuilding community information networks
_b strategies and experiences edited by Sheila Pantry
260 _aLondon
_bLibrary Association Publishing
_c1999
300 _axxiii, 173p.
_ccm.
650 _aLIBRARY SCIENCE
942 _h2:(D65,8(B):71), N9(2D)
_cTEXL
_2CC
999 _c129008
_d129008